Countries Containing Random Words #5 - Statistics

General Stats
  • This quiz has been taken 221 times
    130 since last reset
  • The average score is 12 of 16
Answer Stats
Random word Country % Correct
equator Equatorial Guinea
96%
new New Zealand / Papua New Guinea
96%
eden Sweden
95%
malt Malta
94%
spa Spain
93%
barb Barbados / antigua and Barbuda
92%
way Norway
89%
dive Maldives
88%
marsh Marshall Islands
87%
ban Albania / Bangladesh / Lebanon
78%
mania Romania
71%
swan Botswana
67%
wit Switzerland
63%
ace North Macedonia
43%
rug Uruguay
26%
sand Saint Kitts and Nevis
21%
No matching quizzes found
Score Distribution
Percent of People with Each Score
Percentile by Number Answered
Your Score History
You have not taken this quiz since the last reset